Fanfare for the common man (Record no. 73690)
[ view plain ]
| 000 -LEADER | |
|---|---|
| fixed length control field | 01463cam a2200217 4500 |
| 001 - CONTROL NUMBER | |
| control field | ##ABS67186 |
| 008 - FIXED-LENGTH DATA ELEMENTS--GENERAL INFORMATION | |
| fixed length control field | 031029n2003 000 0 eng u |
| 035 ## - SYSTEM CONTROL NUMBER | |
| System control number | (Sirsi) u124154 |
| 041 0# - LANGUAGE CODE | |
| Language code of text/sound track or separate title | eng |
| 100 1# - MAIN ENTRY--PERSONAL NAME | |
| Personal name | Blackman, D. |
| 245 00 - TITLE STATEMENT | |
| Title | Fanfare for the common man |
| 260 ## - PUBLICATION, DISTRIBUTION, ETC. | |
| Date of publication, distribution, etc. | 2003 |
| 490 #0 - SERIES STATEMENT | |
| Series statement | Axis |
| Volume/sequential designation | 57(9) September/October 2003, 10-11(2) |
| 520 ## - SUMMARY, ETC. | |
| Summary, etc. | Asks whether the government is seriously committed to community empowerment in the planning system. Sees the ODPM's as yet unpublished proposals for the statements of community involvement (promised in the Planning Bill) that councils will have to prepare when writing their local development frameworks, as the acid test of this commitment. Describes the history of Labour's interest in the idea of community from the 1980s onwards and New Labour's difficulty in translating abstract concepts into practical policy. Points out ODPM's mistaken belief that speeding up the planning system and increasing community involvement can be achieved at the same time. Runs through a spectrum of expert opinion on whether government planning reforms will enable communities to be effectively involved in planning processes. |
| 590 ## - LOCAL NOTE (RLIN) | |
| Local note | ABS |
| 650 24 - SUBJECT ADDED ENTRY--TOPICAL TERM | |
| Topical term or geographic name entry element | PLANNING AND COMPULSORY PURCHASE ACT 2004 |
| 650 24 - SUBJECT ADDED ENTRY--TOPICAL TERM | |
| Topical term or geographic name entry element | STATEMENTS OF COMMUNITY INVOLVEMENT |
| 651 #4 - SUBJECT ADDED ENTRY--GEOGRAPHIC NAME | |
| Geographic name | England |
| Chronological subdivision | 886- |
| 690 ## - LOCAL SUBJECT ADDED ENTRY--TOPICAL TERM (OCLC, RLIN) | |
| Topical term or geographic name as entry element | ENVIRONMENTAL AND LAND CONSULTANCY-PLANNING AND DEVELOPMENT-PLANNING GUIDANCE-LOCAL DEVELOPMENT PLANS |
| 942 ## - ADDED ENTRY ELEMENTS (KOHA) | |
| Suppress in OPAC | 0 |
| Withdrawn status | Lost status | Source of classification or shelving scheme | Damaged status | Not for loan | Home library | Current library | Shelving location | Date acquired | Total Checkouts | Full call number | Barcode | Date last seen | Copy number | Price effective from | Koha item type |
|---|---|---|---|---|---|---|---|---|---|---|---|---|---|---|---|
| Dewey Decimal Classification | London | London | Journal article | 29/10/2003 | ABS67186 | 124154-1001 | 06/08/2019 | 1 | 06/08/2019 | Journal article |